<?xml version="1.0" encoding="UTF-8"?>
<record
    xmlns:xsi="http://www.w3.org/2001/XMLSchema-instance"
    xsi:schemaLocation="http://www.loc.gov/MARC21/slim http://www.loc.gov/standards/marcxml/schema/MARC21slim.xsd"
    xmlns="http://www.loc.gov/MARC21/slim">

  <leader>02030    a2200193   4500</leader>
  <controlfield tag="001">54003</controlfield>
  <controlfield tag="005">20260407155810.0</controlfield>
  <controlfield tag="008">260407a1960    arg                 spa d</controlfield>
  <controlfield tag="003">AR-UNSa-BCEJYS</controlfield>
  <datafield tag="040" ind1=" " ind2=" ">
    <subfield code="a">AR-UNSa-BCEJYS</subfield>
    <subfield code="b">spa</subfield>
    <subfield code="c">AR-UNSa-BCEJYS</subfield>
  </datafield>
  <datafield tag="080" ind1=" " ind2=" ">
    <subfield code="a">94(82):33</subfield>
    <subfield code="x">Historia Econ&#xF3;mica Argentina</subfield>
  </datafield>
  <datafield tag="245" ind1="1" ind2="0">
    <subfield code="a">Argentina potencia mundial</subfield>
  </datafield>
  <datafield tag="264" ind1=" " ind2="1">
    <subfield code="a">Buenos Aires :</subfield>
    <subfield code="b">Ediciones Aray&#xFA;</subfield>
    <subfield code="c">1960</subfield>
  </datafield>
  <datafield tag="300" ind1=" " ind2=" ">
    <subfield code="a">222 p.</subfield>
    <subfield code="c">20 cm.</subfield>
  </datafield>
  <datafield tag="505" ind1=" " ind2=" ">
    <subfield code="a">Primera parte (1960): El desaf&#xED;o-Argentina potencia mundial en potencia - I. La batalla del desarrollo debe darse en todos los frentes - II. Siderurg&#xED;a-Prioridad n&#xFA;mero 1 - III. Caminos-Prioridad n&#xFA;mero 2 - IV. Transportes-Prioridad n&#xFA;mero 3 - V. Carb&#xF3;n-Prioridad n&#xFA;mero 4 - VI. Energ&#xED;a-Prioridad n&#xFA;mero 5 - VII. Petroqu&#xED;mica-Prioridad n&#xFA;mero 6 - VIII. Argentina potencia mundial-Prioridad nacional absoluta - IX. Recapitulaci&#xF3;n de las proridades que nos har&#xE1;n potencia mundial - X. Seis prioridades actuando sobre todo el pa&#xED;s - Segunda parte (1985): El sue&#xF1;o-Argentina potencia mundial - I. 1985-Argentina potencia mundial - II. Argentina 1985: 65 millones de habitantes - III. Zona noroeste: Tucum&#xE1;n,Salta,La Rioja,Jujuy,Catamarca y Santiago del Estero - IV. Zona del Gran Chaco: Chaco y Formosa - V. Zona Litoral-Mesopot&#xE1;mica: Santa F&#xE9;,Entre R&#xED;os,Corrientes y Misiones - VI. Zona Nuevo Cuyo: Mendoza,Neuqu&#xE9;n,San Juan,San Luis y C&#xF3;rdoba - VII. Zona La Gran Pampa: Buenos Aires,La Pampa y R&#xED;o Negro - VIII. Zona Patagonia: Provincias de Chubut y Santa Cruz y territorio nacional de Tierra del Fuego - IX. Tenemos todo para realizar la gran obra - X. Los caminos y las comunicaciones - XI. Petr&#xF3;leo - XII. Energ&#xED;a - XIII. Siderurg&#xED;a - XIV. Miner&#xED;a - XV. Carb&#xF3;n - XVI. Sierra Grande - XVII. Ganader&#xED;a - XVIII. Agricultura - XIX. Industrias - XX. Periodismo - XXI. 1985 As&#xED; ser&#xE1; la Argentina - Tercera parte (1972-1985): La plenitud- Potencia mundial y gran mercado</subfield>
  </datafield>
  <datafield tag="942" ind1=" " ind2=" ">
    <subfield code="c">BK</subfield>
  </datafield>
  <datafield tag="590" ind1=" " ind2=" ">
    <subfield code="a">niveau_biblio:m niveau_hierar:0</subfield>
  </datafield>
  <datafield tag="100" ind1="1" ind2=" ">
    <subfield code="a">Noble, Roberto J.</subfield>
  </datafield>
  <datafield tag="999" ind1=" " ind2=" ">
    <subfield code="c">5320</subfield>
    <subfield code="d">5320</subfield>
  </datafield>
  <datafield tag="952" ind1=" " ind2=" ">
    <subfield code="0">0</subfield>
    <subfield code="1">0</subfield>
    <subfield code="4">0</subfield>
    <subfield code="7">0</subfield>
    <subfield code="a">BCEJYS</subfield>
    <subfield code="b">BCEJYS</subfield>
    <subfield code="c">16</subfield>
    <subfield code="d">2026-04-07</subfield>
    <subfield code="l">0</subfield>
    <subfield code="o">94(82):33 N747</subfield>
    <subfield code="p">L20295</subfield>
    <subfield code="r">2026-04-07 15:58:10</subfield>
    <subfield code="w">2026-04-07</subfield>
    <subfield code="y">L</subfield>
  </datafield>
</record>
